La Mutación de la segunda mitad del siglo XIV en España / volumen preparado bajo la dirección del doctor Federico Udina Martorell...
Publicado:
Madrid :
Consejo Superior de Investigaciones Científicas, Instituto 'Jerónimo Zurita' ,
1977
Descripción Física:
247 p. ; 25 cm
Otros Autores:
Udina i Martorell, Frederic, 1914-2011
Materias:
Espanya -- Història -- S. XIV
MARC
| LEADER | 00000nam a2200000Ia 4500 | ||
|---|---|---|---|
| 001 | 1826 | ||
| 008 | 160829s1977 xx 000 0 cat d | ||
| 080 | |a H-1-83 | ||
| 245 | |a La Mutación de la segunda mitad del siglo XIV en España / volumen preparado bajo la dirección del doctor Federico Udina Martorell... | ||
| 260 | |a Madrid : |b Consejo Superior de Investigaciones Científicas, Instituto 'Jerónimo Zurita', |c 1977 | ||
| 300 | |a 247 p. ; |c 25 cm | ||
| 490 | |a Cuadernos de historia, Anexos de la revista Hispania ; 8 | ||
| 650 | |a Espanya |x Història |x S. XIV |9 35689 | ||
| 700 | 1 | |a Udina i Martorell, Frederic, |d 1914-2011 |9 35690 | |
| 710 | 2 | |a Consejo Superior de Investigaciones Científicas (CSIC) (Espanya) |9 53988 | |
| 710 | 2 | |a Instituto Jerónimo Zurita |9 54315 | |
| 901 | |a Arxiu | ||
| 942 | |n 1 | ||
| 952 | |0 0 |1 0 |4 0 |6 H183 |7 1 |9 47030 |a Arxiu |b Arxiu |d 2016-12-01 |l 0 |o H-1-83 |p 1826 |r 2016-12-01 00:00:00 |w 2016-12-01 |y ARXIU | ||
| 999 | |c 50823 |d 50823 | ||